I'm Sorry / (Record no. 104646)
[ view plain ]
| 000 -LEADER | |
|---|---|
| fixed length control field | 00366nam a2200145 a 4500 |
| 005 - DATE AND TIME OF LATEST TRANSACTION | |
| control field | 20140412111326.0 |
| 008 - FIXED-LENGTH DATA ELEMENTS--GENERAL INFORMATION | |
| fixed length control field | 110128s19uu xx 00 eng d |
| 020 ## - INTERNATIONAL STANDARD BOOK NUMBER | |
| International Standard Book Number | 0-06-028686-5 |
| 050 ## - LIBRARY OF CONGRESS CALL NUMBER | |
| Classification number | TR(PS E |
| Item number | Im1 2000 |
| 100 ## - MAIN ENTRY--PERSONAL NAME | |
| Personal name | McBratney, Sam |
| 245 ## - TITLE STATEMENT | |
| Title | I'm Sorry / |
| Statement of responsibility, etc | Sam McBratney. |
| 260 ## - PUBLICATION, DISTRIBUTION, ETC. (IMPRINT) | |
| Place of publication, distribution, etc | UK : |
| Name of publisher, distributor, etc | Harper collins, |
| Date of publication, distribution, etc | 2000. |
| 300 ## - PHYSICAL DESCRIPTION | |
| Extent | unp. |
| Withdrawn status | Lost status | Damaged status | Home library | Current library | Shelving location | Date acquired | Source of acquisition | Total Checkouts | Full call number | Barcode | Date last seen | Price effective from | Koha item type |
|---|---|---|---|---|---|---|---|---|---|---|---|---|---|
| Elizalde Library | Elizalde Library | Teachers Reference Section | 01/28/2011 | TR(PS E Im1 2000 | E8405 | 04/12/2014 | 04/12/2014 | Books |